000 00342nam a22001337a 4500
020 _a0-86163-852-2
082 _a823
_bBLY/B
100 _aENID BLYTON
245 _aTHE BRAVE TOY SOLDIER AND OTHER STORIES
260 _aLONDON
_bAWARD PUBLICATIONS LIMITED
_c1996
300 _a192
650 _aCHILDREN'S STORY BOOK
_zUNITED KINGDOM
942 _cBK
999 _c134
_d134